[Event "62.Camp. Veneto Quarti di Finale"]
[Site "Arquà Petrarca ITA"]
[Date "2002.05.05"]
[Round "2.11"]
[White "Zabeo, Gianpaolo"]
[Black "Carlassara, Renato"]
[Result "0-1"]
[WhiteElo "1300"]
[BlackElo "1690"]
[Annotator "Gabriele Ballarin"]
[PlyCount "76"]
[EventDate "2002.05.04"]
[EventType "swiss"]
[EventRounds "6"]
[EventCountry "ITA"]

1. d4 d5 2. c4 e6 3. Nc3 c5 4. Nf3 Nc6 5. Bf4 a6 6. e3 Nf6 7. Bd3 cxd4 8. exd4 dxc4 9. Bxc4 Be7 10. O-O O-O 11. Re1 b5 12. Bb3 Bb7 13. d5 exd5 14. Nxd5 Nxd5 15. Bxd5 Bf6 16. Rc1 Na5 17. Bxb7 Nxb7 18. Rc7 Qxd1 19. Rxd1 Rfd8 20. Rdd7 Nc5 21. Rxd8+ Rxd8 22. h3 Ne6 23. g3 Nxc7 24. Bxc7 Rc8 25. Be5 Bxe5 26. Nxe5 Rc2 27. Nd3 Rd2 28. Nb4 Rxb2 29. Nxa6 Rxa2 30. Nb4 Rb2 31. Nd3 Rb1+ 32. Kg2 b4 33. Kf3 b3 34. Ke3 b2 35. Kd2 Rd1+ 36. Kxd1 b1=Q+ 37. Nc1 f5 38. Kd2 Qb2+ 0-1

[Event "62.Camp. Veneto Quarti di Finale"]
[Site "Arquà Petrarca ITA"]
[Date "2002.05.05"]
[Round "2.14"]
[White "Zuccarello, Gianni"]
[Black "Zotti, Enrico"]
[Result "0-1"]
[WhiteElo "1600"]
[BlackElo "1749"]
[Annotator "Gabriele Ballarin"]
[PlyCount "94"]
[EventDate "2002.05.04"]
[EventType "swiss"]
[EventRounds "6"]
[EventCountry "ITA"]

1. d4 Nf6 2. c4 g6 3. Nf3 Bg7 4. e3 O-O 5. b4 d6 6. Bb2 Bg4 7. Nbd2 Nbd7 8. Qc2 Re8 9. h3 Bxf3 10. Nxf3 e5 11. dxe5 dxe5 12. Be2 c5 13. a3 e4 14. Nh2 Ne5 15. O-O Qe7 16. b5 Rad8 17. Rfd1 h5 18. Nf1 h4 19. a4 Qe6 20. a5 g5 21. Nh2 g4 22. hxg4 Nexg4 23. Nxg4 Nxg4 24. Bxg7 Kxg7 25. Rxd8 Rxd8 26. Rd1 Rxd1+ 27. Qxd1 f5 28. Qd8 Qf6 29. Qxf6+ Kxf6 30. Kf1 Kg5 31. Ke1 f4 32. exf4+ Kxf4 33. f3 exf3 34. Bxf3 Ne3 35. Bxb7 Nxc4 36. a6 Ke3 37. Bd5 Nb6 38. Bf3 h3 39. gxh3 Kxf3 40. h4 Kg4 41. Ke2 Kxh4 42. Ke3 Kg4 43. Ke4 c4 44. Kd4 Kf4 45. Kc3 Ke4 46. Kc2 Kd4 47. Kd2 Kc5 0-1

[Event "62.Camp. Veneto Quarti di Finale"]
[Site "Arquà Petrarca ITA"]
[Date "2002.05.05"]
[Round "2.15"]
[White "Pechy, Alaster"]
[Black "Ceccherini, Paolo"]
[Result "1-0"]
[WhiteElo "1840"]
[BlackElo "1516"]
[Annotator "Gabriele Ballarin"]
[PlyCount "53"]
[EventDate "2002.05.04"]
[EventType "swiss"]
[EventRounds "6"]
[EventCountry "ITA"]

1. d4 Nf6 2. c4 g6 3. Nc3 Bg7 4. e4 d6 5. f3 O-O 6. Be3 e5 7. d5 b6 8. Qd2 Bb7 9. O-O-O Nbd7 10. g4 Nc5 11. Nge2 a5 12. Ng3 Qd7 13. h4 Na4 14. Kb1 Nxc3+ 15. Qxc3 Ba6 16. Qc1 Rfb8 17. h5 b5 18. c5 b4 19. Bxa6 Rxa6 20. c6 Qc8 21. g5 Ne8 22. Qd2 f5 23. gxf6 Nxf6 24. Rdg1 Qf8 25. Nf5 Nxh5 26. Rxh5 gxh5 27. Bh6 1-0

[Event "62.Camp. Veneto Quarti di Finale"]
[Site "Arquà Petrarca ITA"]
[Date "2002.05.05"]
[Round "2.16"]
[White "Valentini, Luca"]
[Black "Barbetta, Cosimo"]
[Result "1-0"]
[WhiteElo "1785"]
[BlackElo "1510"]
[Annotator "Gabriele Ballarin"]
[PlyCount "121"]
[EventDate "2002.05.04"]
[EventType "swiss"]
[EventRounds "6"]
[EventCountry "ITA"]

1. e4 c5 2. Nf3 Nc6 3. Nc3 e6 4. d4 cxd4 5. Nxd4 a6 6. a3 Qb6 7. Nb3 Qc7 8. Be3 Nge7 9. Qd2 Ng6 10. f4 d6 11. Be2 Be7 12. O-O Bd7 13. Rad1 Na5 14. Nxa5 Qxa5 15. Qd4 O-O 16. e5 d5 17. f5 Nh8 18. f6 gxf6 19. exf6 Bd6 20. Qg4+ Ng6 21. Nxd5 Bc5 22. Ne7+ Kh8 23. Bxc5 Qxc5+ 24. Qd4 Qxd4+ 25. Rxd4 Ne5 26. Bd3 Nxd3 27. cxd3 Bc6 28. Rc1 Bd5 29. Nxd5 Rad8 30. Rc5 b6 31. Rc6 e5 32. Re4 Rxd5 33. Rxb6 a5 34. Ra4 Rxd3 35. Rxa5 Re8 36. Rbb5 e4 37. Re5 Rdd8 38. Rad5 Rc8 39. Rxe8+ Rxe8 40. Kf2 h6 41. Ke3 Re6 42. Rd4 Rxf6 43. Rxe4 Rf1 44. Rf4 Re1+ 45. Kd2 Re7 46. b4 Kg7 47. b5 Rd7+ 48. Kc3 Re7 49. b6 Kg6 50. Rb4 Re3+ 51. Kd2 Rxa3 52. b7 Ra2+ 53. Ke3 Ra3+ 54. Kd4 Ra1 55. b8=Q Rd1+ 56. Ke3 Re1+ 57. Kf2 Re6 58. Rb6 Kf6 59. Rxe6+ Kxe6 60. Qb6+ Ke7 61. Qxh6 1-0

[Event "62.Camp. Veneto Quarti di Finale"]
[Site "Arquà Petrarca ITA"]
[Date "2002.05.05"]
[Round "2.17"]
[White "Baracchi, Filippo"]
[Black "Alessi, Giovanni"]
[Result "1-0"]
[WhiteElo "1756"]
[BlackElo "1492"]
[Annotator "Gabriele Ballarin"]
[PlyCount "45"]
[EventDate "2002.05.04"]
[EventType "swiss"]
[EventRounds "6"]
[EventCountry "ITA"]

1. e4 e5 2. Nc3 Nc6 3. f4 d6 4. Nf3 g6 5. Bc4 f6 6. d4 Bh6 7. dxe5 dxe5 8. Qxd8+ Nxd8 9. fxe5 Bxc1 10. Rxc1 c6 11. O-O h6 12. Nh4 fxe5 13. Nxg6 Rh7 14. Rcd1 Nf7 15. Nd5 cxd5 16. Rxd5 Ne7 17. Bb5+ Nc6 18. Rf6 Bd7 19. Bc4 Rd8 20. Rd3 Nd4 21. Rd2 Bb5 22. Bxb5+ Nxb5 23. Re6# 1-0

[Event "62.Camp. Veneto Quarti di Finale"]
[Site "Arquà Petrarca ITA"]
[Date "2002.05.05"]
[Round "2.18"]
[White "Angelini, Francesco"]
[Black "Ferrari, Mario"]
[Result "0-1"]
[WhiteElo "1300"]
[BlackElo "1737"]
[Annotator "Gabriele Ballarin"]
[PlyCount "54"]
[EventDate "2002.05.04"]
[EventType "swiss"]
[EventRounds "6"]
[EventCountry "ITA"]

1. e4 e6 2. d4 d5 3. exd5 exd5 4. Bd3 Nc6 5. c3 Nf6 6. Nf3 Bg4 7. O-O Be7 8. Bg5 Qd6 9. Nbd2 O-O-O 10. a4 h6 11. Bh4 Nh5 12. Bg3 Nxg3 13. fxg3 Rde8 14. Qc2 g6 15. Ne5 Nxe5 16. dxe5 Qxe5 17. Rae1 Bc5+ 18. Kh1 Qg5 19. b4 Rxe1 20. Rxe1 Bd6 21. a5 h5 22. a6 h4 23. axb7+ Kb8 24. Qa4 Be6 25. Ra1 Qe3 26. gxh4 Bxh2 27. Nf1 Qg1# 0-1

[Event "62.Camp. Veneto Quarti di Finale"]
[Site "Arquà Petrarca ITA"]
[Date "2002.05.05"]
[Round "2.19"]
[White "Mocellin, Gianfranco"]
[Black "Frascati, Francesco"]
[Result "0-1"]
[WhiteElo "1675"]
[BlackElo "1450"]
[Annotator "Gabriele Ballarin"]
[PlyCount "60"]
[EventDate "2002.05.04"]
[EventType "swiss"]
[EventRounds "6"]
[EventCountry "ITA"]

1. g3 e5 2. Bg2 Nf6 3. c4 g6 4. Nc3 c6 5. d3 Bg7 6. Nf3 d6 7. O-O Nbd7 8. Bg5 h6 9. Be3 Ng4 10. Bd2 O-O 11. Qc1 Kh7 12. h3 Ngf6 13. Nh2 a5 14. g4 Ng8 15. f4 Nc5 16. Be3 Bd7 17. Rb1 Qc8 18. Rf3 f5 19. gxf5 Bxf5 20. Bxc5 dxc5 21. Na4 e4 22. dxe4 Bxe4 23. Nb6 Qf5 24. Nxa8 Bxb1 25. Nb6 Be4 26. Rf2 Bxg2 27. Kxg2 Qe4+ 28. Kg3 Bd4 29. Rg2 Be3 30. Qf1 Bxf4+ 0-1

[Event "62.Camp. Veneto Quarti di Finale"]
[Site "Arquà Petrarca ITA"]
[Date "2002.05.05"]
[Round "2.20"]
[White "Arras, Antonio"]
[Black "Sanavio, Giancarlo"]
[Result "0-1"]
[WhiteElo "1446"]
[BlackElo "1648"]
[Annotator "Gabriele Ballarin"]
[PlyCount "46"]
[EventDate "2002.05.04"]
[EventType "swiss"]
[EventRounds "6"]
[EventCountry "ITA"]

1. e4 c6 2. Nf3 d5 3. exd5 cxd5 4. Bb5+ Bd7 5. Bxd7+ Nxd7 6. d4 e6 7. O-O Ngf6 8. Nc3 Be7 9. Ne5 Nxe5 10. dxe5 Nd7 11. Re1 a6 12. Qg4 Bf8 13. Bg5 Qc7 14. Nxd5 exd5 15. e6 Nf6 16. Bxf6 gxf6 17. Qh5 O-O-O 18. Qg4 Kb8 19. exf7 Qxf7 20. Re3 Rg8 21. Qd4 Bd6 22. b4 Be5 23. Rxe5 fxe5 0-1

[Event "62.Camp. Veneto Quarti di Finale"]
[Site "Arquà Petrarca ITA"]
[Date "2002.05.05"]
[Round "2.21"]
[White "Guclu, Yaman"]
[Black "Levi Minzi, Matteo"]
[Result "1-0"]
[WhiteElo "1774"]
[BlackElo "1425"]
[Annotator "Gabriele Ballarin"]
[PlyCount "69"]
[EventDate "2002.05.04"]
[EventType "swiss"]
[EventRounds "6"]
[EventCountry "ITA"]

1. e4 e5 2. Nf3 Nc6 3. Bc4 Nf6 4. d3 d5 5. exd5 Nxd5 6. O-O Bg4 7. Re1 Be7 8. Nbd2 O-O 9. h3 Bh5 10. Ne4 Nd4 11. g4 Nxf3+ 12. Qxf3 Bg6 13. Bxd5 Kh8 14. Ng3 f6 15. Bxb7 Rb8 16. Be3 c5 17. b3 f5 18. gxf5 Rf6 19. Be4 Qd7 20. Bg5 Rf7 21. Bxe7 Qxe7 22. Qg4 Qf6 23. Rf1 h5 24. Qxg6 Qxg6 25. fxg6 Rf4 26. Nxh5 Rh4 27. Ng3 Rxh3 28. Kg2 Rh4 29. Rh1 Rxh1 30. Rxh1+ Kg8 31. Rh7 Rb6 32. Nh5 c4 33. Rxg7+ Kh8 34. Bd5 Rb8 35. Rh7# 1-0

[Event "62.Camp. Veneto Quarti di Finale"]
[Site "Arquà Petrarca ITA"]
[Date "2002.05.05"]
[Round "2.22"]
[White "Meggiorin, Orlando"]
[Black "Lorenzini, Adriano"]
[Result "1/2-1/2"]
[WhiteElo "1432"]
[BlackElo "1723"]
[Annotator "Gabriele Ballarin"]
[PlyCount "61"]
[EventDate "2002.05.04"]
[EventType "swiss"]
[EventRounds "6"]
[EventCountry "ITA"]

1. e4 c6 2. d4 d5 3. exd5 cxd5 4. Nf3 Bg4 5. Be2 Nf6 6. Bg5 e6 7. h3 Bh5 8. O-O Be7 9. Nbd2 O-O 10. Ne5 Bxe2 11. Qxe2 Nc6 12. Nxc6 bxc6 13. c3 a5 14. a4 Qb6 15. Rab1 c5 16. dxc5 Qxc5 17. Rfc1 Qc6 18. b3 Rfc8 19. Nf3 Ba3 20. Bxf6 Bxc1 21. Bxg7 Kxg7 22. Rxc1 Qd6 23. Nd4 Qf4 24. Rc2 Kh8 25. g3 Qe4 26. Qd2 Rc5 27. Nb5 Rd8 28. Rc1 e5 29. Qg5 Rcc8 30. Qf6+ Kg8 31. Nd6 1/2-1/2

[Event "62.Camp. Veneto Quarti di Finale"]
[Site "Arquà Petrarca ITA"]
[Date "2002.05.05"]
[Round "2.23"]
[White "De Nard, Stefano"]
[Black "Maniero, Andrea"]
[Result "0-1"]
[WhiteElo "1422"]
[BlackElo "1600"]
[Annotator "Gabriele Ballarin"]
[PlyCount "32"]
[EventDate "2002.05.04"]
[EventType "swiss"]
[EventRounds "6"]
[EventCountry "ITA"]

1. e4 c5 2. Nc3 e6 3. Bc4 a6 4. a4 Qc7 5. d3 b6 6. f4 Bb7 7. Qe2 Nc6 8. Nf3 Nf6 9. h3 O-O-O 10. e5 Nh5 11. Qf2 Nb4 12. Bb3 d5 13. g4 c4 14. Ba2 cxd3 15. Bb3 dxc2 16. gxh5 Nd3+ 0-1

[Event "62.Camp. Veneto Quarti di Finale"]
[Site "Arquà Petrarca ITA"]
[Date "2002.05.05"]
[Round "2.24"]
[White "Bdair, Bilal"]
[Black "Bettera, Roberto"]
[Result "0-1"]
[WhiteElo "1300"]
[BlackElo "1594"]
[Annotator "Gabriele Ballarin"]
[PlyCount "86"]
[EventDate "2002.05.04"]
[EventType "swiss"]
[EventRounds "6"]
[EventCountry "ITA"]

1. e4 e5 2. Nf3 Nc6 3. Bb5 a6 4. Ba4 Nf6 5. d3 d6 6. Nc3 Bd7 7. Bg5 h6 8. Bxf6 Qxf6 9. Nd5 Qd8 10. O-O g6 11. c3 Bg7 12. b4 O-O 13. Qd2 f5 14. Bb3 Kh7 15. Rfe1 f4 16. a4 Ne7 17. d4 g5 18. dxe5 dxe5 19. Nxe7 Qxe7 20. Red1 Bg4 21. Qd3 Rad8 22. Qe2 Bh5 23. h3 g4 24. Nh2 f3 25. gxf3 gxf3 26. Qe3 Rf4 27. Rxd8 Qxd8 28. Be6 Qg5+ 29. Bg4 Bxg4 30. hxg4 h5 31. Kh1 hxg4 32. Rg1 Qh5 33. Rg3 Bh6 34. Kg1 Rf7 35. Qd3 Bf4 36. Qd5 Bxg3 37. fxg3 f2+ 38. Kf1 Qh3+ 39. Ke2 f1=Q+ 40. Nxf1 Qxf1+ 41. Kd2 Rf2+ 42. Ke3 Qe1+ 43. Kd3 Qe2# 0-1

[Event "62.Camp. Veneto Quarti di Finale"]
[Site "Arquà Petrarca ITA"]
[Date "2002.05.05"]
[Round "2.25"]
[White "Stiz, Massimiliano"]
[Black "Colusso, Enrico"]
[Result "1/2-1/2"]
[WhiteElo "1591"]
[BlackElo "1446"]
[Annotator "Gabriele Ballarin"]
[PlyCount "89"]
[EventDate "2002.05.04"]
[EventType "swiss"]
[EventRounds "6"]
[EventCountry "ITA"]

1. e4 e5 2. Nf3 Nc6 3. Bb5 a6 4. Bxc6 dxc6 5. O-O Bg4 6. h3 h5 7. d3 Bc5 8. Be3 Bxe3 9. fxe3 Bxf3 10. Qxf3 Qd7 11. Qg3 f6 12. Na3 O-O-O 13. Rad1 c5 14. c3 h4 15. Qf3 Qa4 16. Qf2 Ne7 17. d4 Kb8 18. Rd2 cxd4 19. cxd4 exd4 20. exd4 Qa5 21. Rc1 Nc6 22. Rc3 Qb6 23. Rc5 Rd7 24. Nc4 Qa7 25. d5 Ne7 26. Ra5 Qxf2+ 27. Kxf2 Ka7 28. Ne3 Rh5 29. Ra4 c6 30. Rad4 cxd5 31. Nxd5 Nxd5 32. Rxd5 Rhxd5 33. exd5 g5 34. Ke3 Rd6 35. Kd4 b6 36. Re2 Kb7 37. Re7+ Kc8 38. b4 Kd8 39. Ra7 b5 40. Kc5 Rd7 41. Rxd7+ Kxd7 42. Kb6 f5 43. Kxa6 g4 44. Kxb5 gxh3 45. gxh3 1/2-1/2

[Event "62.Camp. Veneto Quarti di Finale"]
[Site "Arquà Petrarca ITA"]
[Date "2002.05.05"]
[Round "2.26"]
[White "Crescenzio, Alberto"]
[Black "Quaranta, Gaetano"]
[Result "0-1"]
[WhiteElo "1300"]
[BlackElo "1588"]
[Annotator "Gabriele Ballarin"]
[PlyCount "124"]
[EventDate "2002.05.04"]
[EventType "swiss"]
[EventRounds "6"]
[EventCountry "ITA"]

1. e4 e5 2. Nf3 Nc6 3. Bc4 Nf6 4. Ng5 d5 5. exd5 Na5 6. Bb5+ c6 7. dxc6 bxc6 8. Ba4 h6 9. Nf3 e4 10. Qe2 Be7 11. Ne5 Qd6 12. Nc4 Nxc4 13. Qxc4 Bb7 14. O-O O-O 15. Nc3 c5 16. d3 Ba6 17. Nb5 Qb6 18. Re1 Rab8 19. Bf4 Rb7 20. dxe4 Bxb5 21. Bxb5 Qxb5 22. Qxb5 Rxb5 23. Rab1 Rb4 24. f3 Rd8 25. c3 Rb7 26. a3 Nh7 27. Kf2 Bg5 28. Bxg5 Nxg5 29. Kg3 c4 30. h4 Ne6 31. f4 Rd2 32. f5 Nc5 33. h5 Rbxb2 34. Rxb2 Rxb2 35. Re3 Rb3 36. e5 Na4 37. Kf4 Rxc3 38. Rxc3 Nxc3 39. e6 fxe6 40. fxe6 Kf8 41. Ke5 Ke7 42. Kd4 Nb5+ 43. Kxc4 Nxa3+ 44. Kb4 Nc2+ 45. Kb5 Kxe6 46. Ka6 Kf5 47. Kxa7 Kg5 48. Kb6 Kxh5 49. Kc5 Ne3 50. g3 Nf5 51. Kd5 Nxg3 52. Ke5 Kg5 53. Kd4 h5 54. Ke3 h4 55. Kf2 Kg4 56. Kg2 h3+ 57. Kh2 Nh5 58. Kh1 Kg3 59. Kg1 Nf4 60. Kh1 Nd3 61. Kg1 h2+ 62. Kh1 Nf2# 0-1

[Event "62.Camp. Veneto Quarti di Finale"]
[Site "Arquà Petrarca ITA"]
[Date "2002.05.05"]
[Round "2.27"]
[White "Calicchia, Giovanni"]
[Black "Franco, Leopoldo"]
[Result "1-0"]
[WhiteElo "1585"]
[BlackElo "1400"]
[Annotator "Gabriele Ballarin"]
[PlyCount "118"]
[EventDate "2002.05.04"]
[EventType "swiss"]
[EventRounds "6"]
[EventCountry "ITA"]

1. e4 e5 2. Nf3 d6 3. h3 b6 4. Nc3 Bb7 5. Bc4 c6 6. Bb3 Nd7 7. a3 g6 8. d4 Bg7 9. O-O h6 10. Be3 Ne7 11. Qd2 Qc7 12. Rad1 f6 13. Rfe1 O-O-O 14. d5 Nc5 15. Bxc5 bxc5 16. Bc4 f5 17. dxc6 Bxc6 18. Nd5 Bxd5 19. Bxd5 Nxd5 20. Qxd5 Rhe8 21. Rd3 Qb7 22. Qxb7+ Kxb7 23. Rd5 Kc7 24. Nd2 Rb8 25. Nc4 Bf8 26. f3 f4 27. Red1 Red8 28. Kf1 g5 29. Ke2 h5 30. b3 Be7 31. Nb2 Rg8 32. Nc4 Rbd8 33. b4 g4 34. bxc5 gxf3+ 35. Kxf3 dxc5 36. Nxe5 Rxd5 37. exd5 Bd6 38. Nc4 Rg3+ 39. Kf2 Re3 40. Nxd6 Kxd6 41. Rd2 Rxa3 42. c4 Rc3 43. Ra2 Rxc4 44. Rxa7 Kxd5 45. Rh7 Ke4 46. Re7+ Kf5 47. Rc7 Rc3 48. Rf7+ Kg5 49. Rf8 Rd3 50. Rc8 Rc3 51. Re8 Re3 52. Rg8+ Kf5 53. Rf8+ Ke4 54. Re8+ Kf5 55. Rf8+ Kg5 56. Rg8+ Kh6 57. Rh8+ Kg5 58. Rg8+ Kf5 59. Rf8+ Ke4 1-0

[Event "62.Camp. Veneto Quarti di Finale"]
[Site "Arquà Petrarca ITA"]
[Date "2002.05.05"]
[Round "2.28"]
[White "Menin, Massimo"]
[Black "Di Giacomo, Antonio"]
[Result "0-1"]
[WhiteElo "1300"]
[BlackElo "1585"]
[Annotator "Gabriele Ballarin"]
[PlyCount "108"]
[EventDate "2002.05.04"]
[EventType "swiss"]
[EventRounds "6"]
[EventCountry "ITA"]

1. Nf3 Nf6 2. c4 g6 3. b4 Bg7 4. Bb2 d6 5. g3 O-O 6. Bg2 e5 7. d3 Re8 8. O-O c6 9. Nbd2 Bd7 10. a4 Qc8 11. Re1 Bh3 12. Bh1 Nbd7 13. Rc1 a5 14. Ne4 Nxe4 15. dxe4 Qc7 16. Qd3 Rad8 17. Ba3 Nf8 18. Rcd1 Ne6 19. Qc2 Bg4 20. Rd3 Bxf3 21. Bxf3 Nd4 22. Qb1 Nxf3+ 23. exf3 c5 24. Red1 b6 25. Rd5 Bf6 26. R1d3 Be7 27. b5 Kg7 28. h4 Qc8 29. Kg2 Qe6 30. Qh1 Rf8 31. Qh3 f5 32. Bc1 Qf7 33. Be3 fxe4 34. fxe4 Qf3+ 35. Kh2 Qf7 36. f4 exf4 37. Bxf4 Qf6 38. Bg5 Qb2+ 39. Rd2 Rf2+ 40. Rxf2 Qxf2+ 41. Qg2 Qf7 42. Bf4 Re8 43. e5 dxe5 44. Bxe5+ Bf6 45. Bxf6+ Qxf6 46. Qd2 Qe6 47. Rd7+ Re7 48. Qc3+ Kf7 49. Qf3+ Kg7 50. Rxe7+ Qxe7 51. Kg2 Qf7 52. Qc3+ Kg8 53. Qd3 Kg7 54. Qe4 Kg8 0-1

[Event "62.Camp. Veneto Quarti di Finale"]
[Site "Arquà Petrarca ITA"]
[Date "2002.05.05"]
[Round "2.29"]
[White "Busà, Michele"]
[Black "Bau, Lorenzo"]
[Result "1-0"]
[WhiteElo "1543"]
[BlackElo "1300"]
[Annotator "Gabriele Ballarin"]
[PlyCount "54"]
[EventDate "2002.05.04"]
[EventType "swiss"]
[EventRounds "6"]
[EventCountry "ITA"]

1. Nf3 Nc6 2. d4 d5 3. g3 Bf5 4. c3 h6 5. Bg2 Be4 6. Nbd2 Nf6 7. O-O Nd7 8. Qb3 Bxf3 9. Nxf3 e6 10. Qxb7 Na5 11. Qb5 c6 12. Qd3 Bd6 13. Re1 e5 14. e4 Nc4 15. exd5 cxd5 16. dxe5 Ndxe5 17. Nxe5 Nxe5 18. Qxd5 O-O 19. Rxe5 Bxe5 20. Qxe5 Qd1+ 21. Bf1 Rae8 22. Qd4 Qxd4 23. cxd4 Re1 24. b3 Rfe8 25. Bb2 Rxa1 26. Bxa1 Re1 27. Bc3 Kf8 1-0

[Event "62.Camp. Veneto Quarti di Finale"]
[Site "Arquà Petrarca ITA"]
[Date "2002.05.05"]
[Round "2.30"]
[White "Mason, Andrea"]
[Black "Chinello, Silvio"]
[Result "1-0"]
[WhiteElo "1503"]
[BlackElo "1300"]
[Annotator "Gabriele Ballarin"]
[PlyCount "69"]
[EventDate "2002.05.04"]
[EventType "swiss"]
[EventRounds "6"]
[EventCountry "ITA"]

1. d4 d5 2. c4 c6 3. cxd5 cxd5 4. Nc3 e6 5. Nf3 Nf6 6. Bg5 Nbd7 7. e3 a6 8. Bd3 Bb4 9. O-O h6 10. Bh4 Qa5 11. Qb3 b5 12. Rac1 Bb7 13. a3 Bxc3 14. Qxc3 Qxc3 15. Rxc3 O-O 16. Rc7 Rab8 17. Bg3 Rfc8 18. Rfc1 Nb6 19. R1c5 Na4 20. Rxb7 Nxc5 21. Rxb8 Rxb8 22. dxc5 Rc8 23. b4 Nd7 24. Bd6 f6 25. Nh4 Ne5 26. Ng6 Nxg6 27. Bxg6 Ra8 28. Kf1 a5 29. bxa5 Rxa5 30. c6 Ra4 31. c7 Rc4 32. Bd3 Rc1+ 33. Ke2 Kf7 34. Bxb5 e5 35. Kd2 1-0

[Event "62.Camp. Veneto Quarti di Finale"]
[Site "Arquà Petrarca ITA"]
[Date "2002.05.05"]
[Round "2.31"]
[White "Forzin, Gianluca"]
[Black "Mason, Michele"]
[Result "1-0"]
[WhiteElo "1482"]
[BlackElo "1800"]
[Annotator "Gabriele Ballarin"]
[PlyCount "41"]
[EventDate "2002.05.04"]
[EventType "swiss"]
[EventRounds "6"]
[EventCountry "ITA"]

1. e4 e6 2. d4 d5 3. Nc3 Nf6 4. e5 Nfd7 5. f4 c5 6. Nf3 Nc6 7. Be3 Qb6 8. Na4 Qa5+ 9. c3 cxd4 10. Bxd4 Nxd4 11. Nxd4 Nc5 12. Nxc5 Qxc5 13. Be2 Be7 14. Bb5+ Bd7 15. Bxd7+ Kxd7 16. O-O f6 17. Qg4 g6 18. Qxe6+ Kc7 19. exf6 Bd8 20. Rae1 Qb6 21. f7 1-0

[Event "62.Camp. Veneto Quarti di Finale"]
[Site "Arquà Petrarca ITA"]
[Date "2002.05.05"]
[Round "2.32"]
[White "Nizzardo, Mattia"]
[Black "Piasentini, Gabriele"]
[Result "1-0"]
[WhiteElo "1452"]
[BlackElo "1300"]
[Annotator "Gabriele Ballarin"]
[PlyCount "73"]
[EventDate "2002.05.04"]
[EventType "swiss"]
[EventRounds "6"]
[EventCountry "ITA"]

1. e4 e5 2. Nf3 Nc6 3. d4 exd4 4. Bc4 Nf6 5. e5 d5 6. Bb5 Bg4 7. Bxc6+ bxc6 8. exf6 Qxf6 9. Qxd4 Qxd4 10. Nxd4 c5 11. Ne2 Bd6 12. h3 Bf5 13. c3 Bd3 14. Bf4 O-O 15. Kd2 Bxe2 16. Bxd6 cxd6 17. Kxe2 d4 18. cxd4 cxd4 19. Rd1 Rab8 20. b3 Rb4 21. Nd2 Re8+ 22. Kd3 Re6 23. Nf3 Rf6 24. Re1 g6 25. Re4 d5 26. Rxd4 Rxd4+ 27. Kxd4 Rf5 28. Re1 f6 29. Re7 a5 30. Rd7 h5 31. Rxd5 Rxd5+ 32. Kxd5 g5 33. Ke6 Kg7 34. Kf5 h4 35. Nxg5 fxg5 36. Kxg5 Kf7 37. Kf5 1-0

[Event "62.Camp. Veneto Quarti di Finale"]
[Site "Arquà Petrarca ITA"]
[Date "2002.05.05"]
[Round "3.2"]
[White "Carlassara, Renato"]
[Black "Caruso, Augusto"]
[Result "0-1"]
[WhiteElo "1690"]
[BlackElo "2272"]
[Annotator "Gabriele Ballarin"]
[PlyCount "49"]
[EventDate "2002.05.04"]
[EventType "swiss"]
[EventRounds "6"]
[EventCountry "ITA"]

1. e4 e5 2. Nf3 Nc6 3. Nc3 Nf6 4. d4 exd4 5. Nxd4 Bb4 6. Nxc6 bxc6 7. Bd3 O-O 8. O-O d5 9. exd5 cxd5 10. Bg5 Bd6 11. Nb5 Be7 12. Nd4 Qd6 13. Nb5 Qb6 14. a4 c6 15. Nd4 Kh8 16. Re1 Bd8 17. Nf5 Be6 18. b3 c5 19. Qf3 Rc8 20. h4 c4 21. bxc4 dxc4 22. Be4 Nxe4 23. Qxe4 Qc5 24. Nd4 Bd5 25. Be7 0-1

[Event "62.Camp. Veneto Quarti di Finale"]
[Site "Arquà Petrarca ITA"]
[Date "2002.05.05"]
[Round "3.3"]
[White "Rossato, Armando"]
[Black "Chinello, Gianmarco"]
[Result "1-0"]
[WhiteElo "2025"]
[BlackElo "1600"]
[Annotator "Gabriele Ballarin"]
[PlyCount "71"]
[EventDate "2002.05.04"]
[EventType "swiss"]
[EventRounds "6"]
[EventCountry "ITA"]

1. d4 d5 2. Nf3 Nc6 3. e3 e6 4. b3 Nf6 5. Bb2 Bb4+ 6. c3 Bd6 7. Nbd2 O-O 8. c4 b6 9. Rc1 Bb7 10. Bd3 Nb4 11. Bb1 dxc4 12. bxc4 c5 13. a3 Nc6 14. Qc2 Ne7 15. dxc5 Bxc5 16. Bxf6 g6 17. Bb2 Qd6 18. Qc3 f6 19. O-O Rad8 20. Bc2 Qb8 21. Ne4 Bxe4 22. Bxe4 Nc8 23. Rcd1 Nd6 24. Bb1 Rc8 25. Ng5 e5 26. Ne6 Rf7 27. Qd3 Rd7 28. Qd5 Kh8 29. Be4 a5 30. g4 Re8 31. Bg2 Qc8 32. g5 Nxc4 33. Qxc4 Rxd1 34. Rxd1 Rxe6 35. gxf6 b5 36. Qxc5 1-0

[Event "62.Camp. Veneto Quarti di Finale"]
[Site "Arquà Petrarca ITA"]
[Date "2002.05.05"]
[Round "3.4"]
[White "Vianello, Enrico"]
[Black "Chiumello, Roberto"]
[Result "1-0"]
[WhiteElo "1969"]
[BlackElo "1600"]
[Annotator "Gabriele Ballarin"]
[PlyCount "79"]
[EventDate "2002.05.04"]
[EventType "swiss"]
[EventRounds "6"]
[EventCountry "ITA"]

1. d4 d5 2. c4 c6 3. Nf3 Nf6 4. Nc3 Bf5 5. e3 Nbd7 6. Nh4 Bg6 7. Nxg6 hxg6 8. Bd3 dxc4 9. Bxc4 e6 10. O-O Bd6 11. f4 Nb6 12. Bb3 Nbd5 13. Qf3 Nxc3 14. bxc3 Qa5 15. e4 Be7 16. e5 Nd5 17. c4 Nc7 18. Be3 O-O-O 19. Rfd1 Bb4 20. Qe4 Rd7 21. Rab1 Rhd8 22. Bc2 Bc3 23. Rb3 Bxd4 24. Rdb1 Bxe3+ 25. Qxe3 b6 26. Be4 Rd1+ 27. Kf2 R8d2+ 28. Kg3 Rxb1 29. Bxb1 Na6 30. Ra3 Qc5 31. Qxc5 Nxc5 32. Rxa7 Rd7 33. Ra8+ Kc7 34. Rf8 Re7 35. Rg8 f5 36. exf6 gxf6 37. Rxg6 f5 38. h4 Rh7 39. Bc2 Kd6 40. Bxf5 1-0

[Event "62.Camp. Veneto Quarti di Finale"]
[Site "Arquà Petrarca ITA"]
[Date "2002.05.05"]
[Round "3.6"]
[White "Ferrari, Mario"]
[Black "Navarro, Stefano"]
[Result "0-1"]
[WhiteElo "1737"]
[BlackElo "2011"]
[Annotator "Gabriele Ballarin"]
[PlyCount "82"]
[EventDate "2002.05.04"]
[EventType "swiss"]
[EventRounds "6"]
[EventCountry "ITA"]

1. e4 e5 2. Nf3 Nc6 3. d4 exd4 4. Bc4 Bb4+ 5. c3 dxc3 6. O-O d6 7. bxc3 Bc5 8. Nbd2 Nf6 9. Nb3 Bb6 10. Bg5 Bg4 11. Qd3 Ne5 12. Nxe5 dxe5 13. Qg3 Bd7 14. Qxe5+ Kf8 15. h3 h6 16. Bh4 g5 17. Bg3 Kg7 18. Bh2 Re8 19. Qg3 Nxe4 20. Qf3 Qf6 21. Qxf6+ Kxf6 22. Rad1 Bc6 23. Rd3 Kg7 24. Nd4 Rad8 25. Rfd1 Bxd4 26. cxd4 Nd6 27. Bb3 Be4 28. R3d2 Bg6 29. f3 Re7 30. Bg3 a6 31. Re1 Rxe1+ 32. Bxe1 f6 33. Re2 Nf5 34. d5 Bf7 35. Rd2 Ne3 36. Bg3 Rd7 37. d6 cxd6 38. Rxd6 Rxd6 39. Bxd6 Bxb3 40. axb3 Nd5 41. Kf2 Kf7 0-1